O Bêbado e a Equilibrista - Elis Regina - Letra - Statistics

Estatísticas Gerais
  • Esse quiz foi jogado 17 vezes
  • A pontuação média é 91 de 135
Estatísticas das Respostas
% Correto
bêbado
100%
E
100%
e
100%
Que
100%
que
100%
a
92%
A
92%
Na
92%
O
92%
o
92%
um
92%
Um
92%
assim
85%
no
85%
No
85%
se
85%
com
77%
Com
77%
de
77%
do
77%
equilibrista
77%
Me
77%
Meu
77%
ser
77%
Tem
77%
uma
77%
Chora
69%
Clarices
69%
Marias
69%
Mas
69%
Não
69%
sufoco
69%
trajando
69%
Brasil
62%
Caía
62%
Carlitos
62%
chapéu
62%
choram
62%
corda
62%
esperança
62%
feito
62%
foguete
62%
62%
inutilmente
62%
irmão
62%
62%
lembrou
62%
louco
62%
luto
62%
mae
62%
partiu
62%
pungente
62%
qual
62%
rabo
62%
solo
62%
sonha
62%
tarde
62%
viaduto
62%
aluguel
54%
artista
54%
bordel
54%
borrão
54%
cada
54%
céu
54%
Chupavam
54%
coco
54%
dona
54%
dor
54%
estrela
54%
Fazia
54%
fria
54%
gente
54%
gentil
54%
Henfil
54%
lua
54%
machucar
54%
manchas
54%
mata
54%
mil
54%
nossa
54%
Num
54%
Pátria
54%
Sabe
54%
show
54%
tal
54%
tanta
54%
todo
54%
torturadas
54%
volta
54%
brilho
46%
continuar
46%
dança
46%
irreverências
46%
linha
46%
Pode
46%
Pra
46%
sei
46%
sombrinha
46%
em
38%
noite
38%
nuvens
38%
Pedia
38%
dessa
31%
passo
31%
Azar
23%
banba
8%
Nenhum quiz correspondente encontrado
Distribuição das Pontuações
Porcentagem de Pessoas com Cada Pontuação
Percentil de Números Respondidos
Sua Pontuação Histórica
Você não jogou esse quiz